000 00595nam a2200229Ia 4500
005 20260320201556.0
008 008 262003s9999 xx 000 0 eng d
037 _aEBOOK
040 _aCRL
040 _beng
040 _cCRL
041 _2eng
041 _aeng
084 _qCRL
100 _aBailo
_91135405
245 4 _aThe Road to the Top is Not on the Map: Conversations with Top Women of the Automotive Industry
260 _bIEEE
856 _uhttps://ieeexplore.ieee.org/servlet/opac?bknumber=9127392
942 _cEBOOK
999 _c1722134
_d1722134